000 02058cam a22004694i 4500
003 PE-LiUPU
005 20250731173108.0
008 181211s2018 miua r 000 0 eng d
020 _a0801099617
020 _a9780801099618
035 _a(Sirsi) a251008
040 _aPE-LiUPU
_bspa
_cPE-LiUPU
_erda
049 _aPRUA
082 0 4 _a251
_bW8
_220
245 0 4 _aThe worlds of the preacher :
_bnavigating biblical, cultural, and personal contexts /
_cforeword by Bryan Chapell ; edited by Scott M. Gibson.
264 1 _aGrand Rapids, MI :
_bBaker Academic, a division of Baker Publishing Group,
_c[2018].
300 _axxiv, 164 páginas :
_bilustraciones ;
_c23 centímetros
336 _atext
_2rdacontent
337 _aunmediated
_2rdamedia
338 _avolume
_2rdacarrier
505 _aIntroduction: a tribute to Haddon Robinson -- The worlds of the preacher -- The preacher and the world of the Old Testament -- The preacher and the world of the New Testament -- The preacher's personal world -- The world of ethnic and cultural issues in preaching -- The worlds of the listener -- Preaching in this present world -- The mission of preaching in this world -- The world of history and the task of preaching -- Preaching to a culture dominated images -- Afterword:The worlds of the preacher.
526 _aSEG42
526 _aSEG41
526 _aSEG40
526 _aSEG39
526 _aP94
526 _aP87
526 _aP86
526 _aP85
526 _aP77
526 _aP76
526 _aP35
650 0 4 _aPredicación.
700 1 _aChapell, Bryan,
_ePrefacio.
700 1 _aGibson, Scott M.,
_d1957-,
_eeditor.
910 _adbm
_bjpc
_cjpc
_d201812011
942 _2ddc
_cBOOK
994 _aC0
_bPEPRUE
596 _a1
999 _a251 W8
_wDEWEY
_c30462
_i79085
_f2021-11-10
_g4
_lCCODEBUL1
_mBUL
_p14.00
_r0
_sY
_tBOOK
_u2018-12-11
_xTEOLOGIA
_PP85
_0DONACION
_1FCOMPR2
_o.STAFF. Colección Teología
_d30462
980 _81
_gALBERTO SANCHEZ Responsable de Automatización